Prisión común, imaginario social e identidad. Chile, 1870-1920
I tiakina i:
| Kaituhi matua: | |
|---|---|
| Hōputu: | Pukapuka |
| I whakaputaina: |
Santiago, Chile:
Andrés Bello; Ediciones de la Dirección de Bibliotecas, Archivos y Museos; Centro de Investigaciones Diego Barros Arana,
2003.
|
| Putanga: | 1a. ed. |
| Rangatū: | Colección Sociedad y Cultura
|
| Ngā marau: | |
| Ngā Tūtohu: |
Tāpirihia he Tūtohu
Kāore He Tūtohu, Me noho koe te mea tuatahi ki te tūtohu i tēnei pūkete!
|
MARC
| LEADER | 00000nam a22000007a 4500 | ||
|---|---|---|---|
| 003 | CL-VaPUC | ||
| 005 | 20220822114616.0 | ||
| 008 | 220713t2003 ||||| |||| 00| 0 eng d | ||
| 999 | |c 436981 |d 436979 | ||
| 020 | |a 9562441628 | ||
| 040 | |c Pontificia Universidad Católica de Valparaíso | ||
| 082 | |2 22 |a 365.60983 FER 2003 | ||
| 100 | 1 | |a Fernández Labbé, Marcos |e autor |9 872793 | |
| 245 | |a Prisión común, imaginario social e identidad. |b Chile, 1870-1920 | ||
| 250 | |a 1a. ed. | ||
| 260 | |a Santiago, Chile: |b Andrés Bello; |b Ediciones de la Dirección de Bibliotecas, Archivos y Museos; |b Centro de Investigaciones Diego Barros Arana, |c 2003. | ||
| 300 | |a 243 páginas. | ||
| 490 | |a Colección Sociedad y Cultura |n XXXIII | ||
| 500 | |a c.1 Donación Familia Prof. Alejandro Guzmán Brito. | ||
| 583 | |c 20220713 |k Carolina Mena Serrano | ||
| 650 | |a Presos |x Condiciones sociales |z Chile |9 872794 | ||
| 650 | |a Sistema penitenciario |x Historia de Chile |9 872795 | ||
| 942 | |2 ddc |c BK |n 0 | ||
| 952 | |0 0 |1 0 |2 ddc |4 0 |5 1 |6 365_609830000000000_FER_2003 |7 1 |8 C_AGB |9 584716 |a BIBDER |b BIBDER |d 2022-07-13 |e Donación |i 5652165 |o 365.60983 FER 2003 |p 5652165 |r 2023-01-25 |t 1 |w 2022-07-13 |y BK_US |k AGB | ||